Wage competition with heterogeneous workers and firms (Registro nro. 33481)

Detalles MARC
000 -LEADER
fixed length control field 00416 a2200133 4500
001 - CONTROL NUMBER
control field ART_43710
005 - DATE AND TIME OF LATEST TRANSACTION
control field 20260410162025.0
008 - FIXED-LENGTH DATA ELEMENTS--GENERAL INFORMATION
fixed length control field 260409a
100 1# - MAIN ENTRY--PERSONAL NAME
Personal name Hamilton, Jonathan
245 10 - TITLE STATEMENT
Title Wage competition with heterogeneous workers and firms
700 1# - ADDED ENTRY--PERSONAL NAME
Personal name Thisse, Jacques-Francois
700 1# - ADDED ENTRY--PERSONAL NAME
Personal name Zenou, Yves
773 0# - HOST ITEM ENTRY
Title Journal of labor economics
Related parts - Vol. 18, Nº 3 (jul. 2000)
Record control number REV43438

No hay ítems disponibles.